[Event "Gualeguaychu Baggio Cup"]
[Site "Gualeguaychu"]
[Date "2019.11.08"]
[Round "1"]
[White "Iregui, Victor"]
[Black "Sarli, Arnoldo"]
[Result "0-1"]
[WhiteElo "1836"]
[BlackElo "1632"]
[PlyCount "102"]
[EventDate "2019.11.08"]
[EventType "swiss"]
[EventRounds "6"]
[EventCountry "ARG"]
[SourceTitle "EXT 2021"]
[Source "ChessBase"]
[SourceDate "2020.10.23"]
[SourceVersion "1"]
[SourceVersionDate "2020.10.23"]
[SourceQuality "1"]

1. e4 c5 2. Nf3 d6 3. Bb5+ Nd7 4. a4 a6 5. Bc4 Ngf6 6. Nc3 b6 7. d3 e6 8. 0-0 Be7 9. Re1 Qc7 10. h3 0-0 11. Bf4 Ne5 12. Qe2 Nxc4 13. dxc4 e5 14. Bg5 Be6 15. Rad1 Rad8 16. b3 h6 17. Bc1 Nh7 18. Nd5 Bxd5 19. Rxd5 f5 20. Nh2 Nf6 21. Rdd1 Nxe4 22. Bb2 Ng5 23. f4 Ne4 24. g4 Bh4 25. gxf5 Ng3 26. Qg4 Nxf5 27. Re2 Bg3 28. Bc1 Bxf4 29. Bxf4 exf4 30. Qf3 Nd4 31. Qd5+ Qf7 32. Rf2 Qxd5 33. cxd5 Rde8 34. Nf3 Nxf3+ 35. Rxf3 g5 36. Rdf1 Re2 37. c4 Rfe8 38. h4 Kg7 39. R1f2 Kg6 40. Kg2 Rxf2+ 41. Rxf2 Re3 42. Rb2 Kf5 43. hxg5 hxg5 44. b4 g4 45. Kf2 Ke4 46. a5 Rf3+ 47. Kg2 Rg3+ 48. Kf2 bxa5 49. b5 axb5 50. cxb5 Rh3 51. b6 Rh2+ 0-1

[Event "San Salvador op"]
[Site "San Salvador"]
[Date "2019.06.23"]
[Round "6"]
[White "Sarli, Arnoldo"]
[Black "Candarle, Daniel"]
[Result "1/2-1/2"]
[WhiteElo "1635"]
[BlackElo "1545"]
[PlyCount "22"]
[EventDate "2019.06.21"]
[EventType "swiss"]
[EventRounds "6"]
[EventCountry "ARG"]
[SourceTitle "CBM 191 Extra"]
[Source "ChessBase"]
[SourceDate "2019.09.30"]
[SourceVersion "1"]
[SourceVersionDate "2019.09.30"]
[SourceQuality "1"]

1. d4 d5 2. Nf3 g6 3. c4 Bg7 4. Nc3 Nf6 5. e3 e6 6. Bd3 dxc4 7. Bxc4 0-0 8. 0-0 Nbd7 9. Bd2 b6 10. Rc1 Bb7 11. h3 c5 1/2-1/2

[Event "San Salvador op"]
[Site "San Salvador"]
[Date "2019.06.21"]
[Round "1"]
[White "Sarli, Arnoldo"]
[Black "Diaz Hollemaert, Nahuel Carlos"]
[Result "0-1"]
[WhiteElo "1635"]
[BlackElo "2422"]
[PlyCount "64"]
[EventDate "2019.06.21"]
[EventType "swiss"]
[EventRounds "6"]
[EventCountry "ARG"]
[SourceTitle "CBM 191 Extra"]
[Source "ChessBase"]
[SourceDate "2019.09.30"]
[SourceVersion "1"]
[SourceVersionDate "2019.09.30"]
[SourceQuality "1"]

1. d4 Nf6 2. Nf3 e6 3. c4 c5 4. e3 d5 5. cxd5 exd5 6. Nc3 Nc6 7. Bd3 Bg4 8. dxc5 Bxc5 9. 0-0 0-0 10. Be2 Rc8 11. a3 Bd6 12. Nd4 Bxe2 13. Qxe2 Re8 14. Qd1 Ne5 15. Nf3 Ne4 16. Nxe4 Nxf3+ 17. Qxf3 dxe4 18. Qe2 Re6 19. g3 Be5 20. Rb1 Rec6 21. Rd1 Qf6 22. b3 Rc2 23. Bd2 Bb2 24. Qb5 h5 25. Be1 h4 26. Rd2 Qf3 27. Rxc2 Rxc2 28. a4 Re2 29. Qc4 Kh7 30. gxh4 Be5 31. Qc8 f5 32. Qc4 Qh3 0-1

[Event "ARG-ch sf Cup"]
[Site "Villaguay/Entre Rios"]
[Date "2018.12.16"]
[Round "5.12"]
[White "Nardi, Hector Fernando"]
[Black "Sarli, Arnoldo"]
[Result "1/2-1/2"]
[WhiteElo "1542"]
[BlackElo "1650"]
[PlyCount "59"]
[EventDate "2018.12.14"]
[EventType "swiss"]
[EventRounds "6"]
[EventCountry "ARG"]
[SourceTitle "EXT 2024"]
[Source "ChessBase"]
[SourceDate "2023.10.10"]
[SourceVersion "1"]
[SourceVersionDate "2023.10.10"]
[SourceQuality "1"]

1. d4 d5 2. Nf3 c5 3. Bf4 Nc6 4. e3 Bg4 5. Be2 e6 6. 0-0 Nf6 7. Nc3 Bd6 8. a3 Bxf4 9. exf4 Bxf3 10. Bxf3 Nxd4 11. Qd3 Nxf3+ 12. Qxf3 0-0 13. Rad1 Qb6 14. b3 Rac8 15. Rfe1 d4 16. Ne4 Nxe4 17. Qxe4 Qc6 18. Qe5 Rfd8 19. Qg5 Rd5 20. Qg3 Rf5 21. Rd3 Rd8 22. Red1 Qc7 23. Rf3 Rdd5 24. Qh4 Rh5 25. Qg4 Rh6 26. h4 g6 27. Qh3 Rf5 28. Kh2 Qc6 29. Rfd3 Qe4 30. Rf1 1/2-1/2

[Event "ARG-ch sf Cup"]
[Site "Villaguay/Entre Rios"]
[Date "2018.12.15"]
[Round "3.16"]
[White "Aguer, Sol"]
[Black "Sarli, Arnoldo"]
[Result "1/2-1/2"]
[WhiteElo "1546"]
[BlackElo "1650"]
[PlyCount "79"]
[EventDate "2018.12.14"]
[EventType "swiss"]
[EventRounds "6"]
[EventCountry "ARG"]
[SourceTitle "EXT 2024"]
[Source "ChessBase"]
[SourceDate "2023.10.10"]
[SourceVersion "1"]
[SourceVersionDate "2023.10.10"]
[SourceQuality "1"]

1. d4 d5 2. Bf4 c5 3. c3 Nc6 4. Nf3 e6 5. Nbd2 Nf6 6. Qc2 cxd4 7. cxd4 Bd7 8. h3 Qb6 9. e3 Rc8 10. Qb3 Bb4 11. a3 Ba5 12. Qxb6 Bxb6 13. Bd3 h6 14. Nb3 Na5 15. Nbd2 Ba4 16. 0-0 a6 17. Bd6 Bc7 18. Rfc1 Nc6 19. Bxc7 Rxc7 20. b3 Bb5 21. Bxb5 axb5 22. Ne5 Nd7 23. Rc3 Ndxe5 24. dxe5 Kd7 25. f4 Rhc8 26. b4 f6 27. exf6 gxf6 28. Rac1 Ne7 29. Rxc7+ Rxc7 30. Rxc7+ Kxc7 31. Nf3 Kd6 32. Kf2 e5 33. g3 Ke6 34. g4 Nc6 35. Ke2 e4 36. Nh4 Ne7 37. Kd2 b6 38. Kc3 Kd6 39. Kd4 Nc6+ 40. Kc3 1/2-1/2

[Event "ARG-ch sf Cup"]
[Site "Villaguay/Entre Rios"]
[Date "2018.12.14"]
[Round "2.13"]
[White "Sarli, Arnoldo"]
[Black "Roko, Tomas1"]
[Result "1/2-1/2"]
[WhiteElo "1650"]
[BlackElo "1354"]
[PlyCount "61"]
[EventDate "2018.12.14"]
[EventType "swiss"]
[EventRounds "6"]
[EventCountry "ARG"]
[SourceTitle "EXT 2024"]
[Source "ChessBase"]
[SourceDate "2023.10.10"]
[SourceVersion "1"]
[SourceVersionDate "2023.10.10"]
[SourceQuality "1"]

1. e4 e6 2. d4 d5 3. exd5 exd5 4. Nf3 Bd6 5. Nc3 Nf6 6. h3 0-0 7. Bd3 Re8+ 8. Be3 c6 9. 0-0 Nbd7 10. Re1 Nf8 11. Bg5 Rxe1+ 12. Qxe1 h6 13. Be3 Ng6 14. Qd2 Qc7 15. Re1 Nf4 16. Bf1 Bf5 17. Ne2 Ne4 18. Qc1 g5 19. g4 Bh7 20. Bxf4 gxf4 21. Bg2 f6 22. c4 Ng5 23. c5 Bf8 24. Qxf4 Qe7 25. Nxg5 fxg5 26. Qe3 Re8 27. Kf1 Qxe3 28. fxe3 Rxe3 29. Rd1 Bg7 30. Kf2 Rd3 31. Ke1 1/2-1/2

[Event "ARG-ch sf Cup"]
[Site "Villaguay/Entre Rios"]
[Date "2018.12.14"]
[Round "1.14"]
[White "Zalisnak, Jacobo"]
[Black "Sarli, Arnoldo"]
[Result "1-0"]
[WhiteElo "2064"]
[BlackElo "1650"]
[PlyCount "90"]
[EventDate "2018.12.14"]
[EventType "swiss"]
[EventRounds "6"]
[EventCountry "ARG"]
[SourceTitle "EXT 2024"]
[Source "ChessBase"]
[SourceDate "2023.10.10"]
[SourceVersion "1"]
[SourceVersionDate "2023.10.10"]
[SourceQuality "1"]

1. e4 e5 2. Nf3 Nc6 3. Bc4 Nf6 4. d3 Bc5 5. 0-0 h6 6. c3 d6 7. b4 Bb6 8. a4 a6 9. Be3 Bg4 10. Bxb6 cxb6 11. Qb3 0-0 12. Nbd2 Rc8 13. h3 Bh5 14. Rfe1 Bxf3 15. Nxf3 Nh5 16. d4 Qc7 17. Bf1 Kh8 18. Rad1 Nf4 19. c4 f6 20. d5 Nd8 21. Nh4 Kh7 22. Rc1 Qd7 23. Rc3 Nf7 24. Rec1 Rc7 25. Kh2 Rfc8 26. g3 Ng6 27. Nxg6 Kxg6 28. h4 h5 29. Bh3 Qd8 30. Bxc8 Qxc8 31. Qc2 Nh6 32. c5 bxc5 33. bxc5 Rxc5 34. Rxc5 Qxc5 35. Qxc5 dxc5 36. Rxc5 Nf7 37. a5 Nd6 38. f3 f5 39. Rc7 fxe4 40. fxe4 Nxe4 41. Rxb7 Kf6 42. Rb6+ Ke7 43. Rxa6 Nd6 44. Rxd6 Kxd6 45. a6 Kc7 1-0